000 00748nam a2200241 4500
001 32562
003 AR-RoBPED
005 20260505171523.0
008 260413s1957 ag a|||br|||| 001 0 spa d
040 _aAR-RoBPED
041 _aspa
100 _aBavio, A.
_930651
245 1 0 _aAcuarelas :
_blibro de lectura para tercer grado /
_cA. Bavio ; ilustró S. Martínez Koch.
250 _a4a ed.
260 _aBuenos Aires :
_bKapelusz,
_c1957.
300 _a145 p.
_bil. col.
650 1 4 _aARCHIVO INFANTIL
_924464
650 1 4 _aLIBROS DE LECTURA
_915325
650 1 4 _aTERCER GRADO
_91463
700 1 _aMartínez Koch, Santos
_925254
_eil.
942 _2udc
_aK.32562
_cBK
_h372.4
_kIA
_mBa 26
_pInv.42390
945 _asa 13/04/2026 - cd 13/04/2026
999 _c32562
_d32562